00683nam a2200241 a 4500001001300000003000900013005001700022008004100039020000900080082001900089100001900108245002900127260004200156300000900198500003500207505001000242650002200252700001900274902000800293942000700301952011800308999001500426nice12345678IN_TiNIC20260116012448.0050524s1980 dela grp 000 0 eng  ac7500a500.80297bMAT aMatin, Hafiz M aDivine Drama of Creation aDelhibIdara-I-Adabiyat-I-Dillic1980 a180p aincludes index and biblioraphy2 aIndex aQuran and Science1 aMatin, Hafiz M bSRS cBK 001040708StackRoom-aHMIbHMId2007-06-11g75.00l0o500.80297 MATp012418r2007-06-11v75.00w2005-05-24yBK c7113d7113